000 00832nam a2200301Ia 4500
001 A8508
003 IT-RoPAU
008 130308s9999 xx 000 0 und d
040 _aIT-RoPAU
040 _cIT-RoPAU
041 _aITALIANO
100 _aMosso Domenico
100 _gCodice Aut. SPICS: 3507
245 _aRiti del matrimonio nella nostra società
245 _bCelebrazione del matrimonio Cristiano (La)
250 _a1a ed.
260 _aBOLOGNA
260 _bEDB - Edizioni Dehoniane
260 _c1977 [1° Ed.:1977 - Ed.Ling.Originale:1976]
300 _a"32 p. (prefazione: no ; testo: 32 [pagine: 203-234])"
500 _aTappe principali dell'Iter Matrimoniale.
650 _aMATRIMONIO
650 _eCodice materia Spics: 9156
942 _cBK
957 _71
999 _c63434
_d63434
999 _bSI
999 _g1